| 000 | 00715nam a2200229 u 4500 | ||
|---|---|---|---|
| 005 | 20240514063722.0 | ||
| 008 | 160524s2008 r 000 0 eng d | ||
| 020 | _a9788471535849 | ||
| 035 | _aUPN01000210547 | ||
| 049 | _aI | ||
| 050 | 4 |
_aPZ74.9 _bI5.3 |
|
| 100 | 1 |
_aInduráin, Jorge _933273 |
|
| 245 | 1 | 1 |
_a¡Hola hermanita! / _cJordi Induráin ; il. Isabel Caruncho. |
| 260 |
_aBarcelona, Esp. : _bLarousse, _c2008. |
||
| 300 |
_a[24] p. : _bprincipalmente il. col. |
||
| 440 | 4 | _aLas historias de Álex | |
| 650 | 7 |
_aLibros ilustrados para niños _2 _921365 |
|
| 650 | 4 |
_aHermanos y hermanas _vLiteratura infantil _98964 |
|
| 700 | 1 |
_aCaruncho, Isabel, _eil. |
|
| 905 | _aInfantil | ||
| 999 |
_c182648 _d182648 |
||